| 000 | 00222nam a22000737a 4500 | ||
|---|---|---|---|
| 999 |
_c24699 _d24699 |
||
| 003 | Nust | ||
| 005 | 20170515171136.0 | ||
| 008 | 140722b xxu||||| |||| 00| 0 eng d | ||
| 040 |
_aDLC _bDLC _cRCMS |
||
| 082 |
_24th,ed. _a621.382 ZIE |
||
| 100 |
_aZiemer Rodger E. _9773 |
||
| 245 |
_aSIGNAL AND SYSTEMS _b:CONTINUOUS AND DISCRETE |
||
| 250 | _a4th,ed. | ||
| 260 |
_bPEARSON EDUCATION _c2004 _aIndia |
||
| 300 | _axvii,622,p: | ||
| 538 | _iShelf # 15, Row # 4, Communication. | ||
| 650 |
_aSignal Processing _9723 |
||
| 856 | _3Table of Content Only | ||
| 942 |
_2ddc _cBK |
||